000 01001cam a22002895a 4500
001 013436555
003 OSt
005 20201128024243.0
008 060116s2007 xxua b 001 0 eng
020 _a9780071254427
020 _a0071254420
040 _aStDuBDS
_beng
_cStDuBDS
_dUk
_dEG-ScBUE
082 0 4 _222
_a004.6
_bFOR
100 1 _aForouzan, Behrouz A.
_911540
245 1 0 _aData communications and networking /
_cBehrouz A. Forouzan with Sophia Chung Fegan.
250 _a4th ed., International ed.
260 _aBoston ;
_aLondon :
_bMcGraw-Hill Higher Education,
_c2007.
300 _axxxiv, 1134 p. :
_bill. ;
_c24 cm.
490 0 _aMcGraw-Hill Forouzan networking series
504 _aIncludes bibliographical references and index.
650 7 _aData transmission systems.
_2BUEsh
_98864
650 7 _aComputer networks.
_2BUEsh
_91660
653 _bCOMSCI
_bGGEN
_cFebruary2018
700 1 _aFegan, Sophia Chung.
830 0 _aMcGraw-Hill Forouzan networking series.
942 _2ddc
999 _c26164
_d26136